Garam gula duka bahagia
| Main Author: | |
|---|---|
| Format: | Book |
| Published: |
Petaling Jaya :
Bukmas ,
1990
|
| Subjects: |
MARC
| LEADER | 00000cam a2200000 7i4500 | ||
|---|---|---|---|
| 001 | 0000008594 | ||
| 002 | 000009368 | ||
| 005 | 20000330.0 | ||
| 020 | |a 9838600121 | ||
| 090 | 0 | 0 | |a JF |b ONG |
| 100 | 1 | |a Ong, Johnny | |
| 245 | 1 | 0 | |a Garam gula duka bahagia |c Johnny Ong |
| 260 | |a Petaling Jaya : |b Bukmas , |c 1990 | ||
| 300 | |a 169p. ; |c 21cm. | ||
| 650 | 0 | 0 | |a General fiction, Malay |
| 999 | |a 023741 |b BUKU |c PINJAMAN |e PERPUSTAKAAN KOMUNITI PETALING JAYA | ||